000 00695nam a2200193Ii 4500
003 JO-AjNU
008 230606s9999||||xx |||||||||||||| ||und||
040 _aJO-AjNU
_beng
_erda
_cJO-AjNU
041 _aeng
050 1 4 _aQA76 2015
100 3 _aPreparation Jawarneh,Muaied Baker Al zghoul and Mones Al otoum , Superviser Mohmad Bny Yonis,
_eauthor
_96063
245 0 0 _aOnline Charging System (OCS)
264 3 1 _aAjIoun: AjIoun National University, 2015
300 _a21p
_b Graduation project, AjIoun National University, 2015
336 _atext
_btxt
_2rdacontent
337 _aunmediated
_bn
_2rdamedia
338 _avolume
_bnc
_2rdacarrier
650 4 _aOnline Charging System (OCS)
_96064
999 _aE3145
_c3142
_d3142